Ekonomika a řízení zemědělství 2

Saved in:
Bibliographic Details
Main Author: Zavíral, Jan
Corporate Author: Vysoká škola ekonomická v Praze. Výrobně ekonomická fakulta
Other Authors: Burešová, Miroslava
Format: Book
Language:Czech
Published: Praha Státní nakladatelství technické literatury 1988
Edition:3. přeprac. vyd.
Tags: Add Tag
No Tags, Be the first to tag this record!

MARC

LEADER 00000nam a2200000 4500
001 c038234
005 20221219085122.1
041 0 |a cze 
044 |a CZ 
245 1 0 |a Ekonomika a řízení zemědělství 2  |c Jan Zavíral a kol., Miroslava Burešová 
250 |a 3. přeprac. vyd. 
264 1 |a Praha  |b Státní nakladatelství technické literatury  |c 1988 
300 |a 190 s. 
100 1 |a Zavíral, Jan 
700 1 |a Burešová, Miroslava 
710 2 |a Vysoká škola ekonomická v Praze. Výrobně ekonomická fakulta